000 00630nam a22002297a 4500
005 20170124110217.0
010 _aA-710560
020 _c00.00
035 _aA-710560
037 _bCen Lib/Ret
040 _aDPL
_bEN
082 _a921
_bPRE
245 _aPremchand :
_cedited by Nagendra
_ban anthology /
260 _aNew Delhi
_bKonark publishers
_c1981
270 _bNew Delhi
_aBehl house, 13 Daryaganj
_e110002
300 _a221p.
_c21cm(Hb)
500 _aIncludes index
650 _aBiography
_97490
650 _aNovelist
_939197
700 _aNagendra
_939198
942 _2ddc
_cEN
_h921
_mPRE
999 _c133892
_d133892